000 00863cam a2200265 a 4500
001 000004946
005 20200929151536.0
008 820908s1953 sp a 001 f spa d
040 _aDO-SdBNP
_bspa
_cBNPHU
082 _a864.6
_bG633G, 1953
100 1 _aGómez de la Serna, Ramón,
_d1888-1963
_914278
245 1 0 _aGoya /
_cRamón Gómez de la Serna.
250 _a2a ed.
260 _aMadrid, España :
_bEspasa - Calpe,
_c1953.
300 _a226 p. :
_bil. ;
_c18 cm.
490 1 _aAustral
_v920
500 _aIncluye índice de autores
650 4 _aEnsayos españoles
_93095
650 4 _aLiteratura española
_9632
600 1 0 _aGOYA, FRANCISCO DE,
_d1746-1828.
_xBIOGRAFÍAS
_914279
650 4 _aPintura española
_xHistoria y crítica
_914280
650 4 _aPintores españoles
_vBIOGRAFÍAS
_914281
830 0 _aAustral;
_n920.
_914282
049 _aBNGR
999 _c4752
_d4752